| 000 | 01250nac a2200337 i 4500 | ||
|---|---|---|---|
| 003 | EG-ScBUE | ||
| 005 | 20241001092646.0 | ||
| 008 | 150805t1999 mauad f 001 0 eng d | ||
| 020 | _a0321022947 | ||
| 020 | _a9780321022943 | ||
| 040 |
_aEG-ScBUE _beng _erda _cEG-ScBUE _dEG-ScBUE |
||
| 082 | 0 | 4 |
_a510 _bLIA _222 |
| 100 | 1 |
_aLial, Margaret L., _eauthor. |
|
| 245 | 1 | 0 |
_aMathematics with applications : _bin the management, natural, and social sciences / _cMargaret L Lial, American River College, Thomas W. Hungerford, Cleveland State University. |
| 250 | _aSeventh edition. | ||
| 264 | 1 |
_aReading, Massachusetts : _bAddison-Wesley, _c[1999] |
|
| 264 | 4 | _cc1999 | |
| 300 |
_a1 volume (various pagings) : _billustrations, charts ; _c26 cm |
||
| 336 |
_2rdacontent _atext _btxt |
||
| 337 |
_aunmediated _2rdamedia _bn |
||
| 338 |
_avolume _bnc _2rdacarrier |
||
| 500 | _aRev. ed. of: Mathematics with applications in the management, natural, and social sciences. 6th ed. c1996. | ||
| 500 | _aIncludes indexes. | ||
| 590 | _ayassmeen ashraf | ||
| 650 | 7 |
_aMathematics. _2BUEsh |
|
| 651 | _2BUEsh | ||
| 653 |
_bENGGEN _cAugust2015 |
||
| 655 |
_vReading book _934232 |
||
| 700 | 1 |
_aHungerford, Thomas W., _eauthor. |
|
| 942 |
_cBB _2ddc |
||
| 999 |
_c413 _d413 |
||